000 00324nam a22001337a 4500
008 170725b xxu||||| |||| 00| 0 eng d
020 _a9780026444538
041 _aeng
080 _a004
100 _a29
101 _aSHKI
245 _aMICRO MASTERY KEYBOARDING & WORD PROCESSING APPLICATIONS
_cGLENCOE
942 _2udc
_cBK
999 _c21865
_d21865